Thơ Xuân Diệu và những lời bình

Đã lưu trong:
书目详细资料
格式: 图书
语言:Undetermined
出版: Hà Nội Văn hóa Thông tin 2003
主题:
标签: 添加标签
没有标签, 成为第一个标记此记录!
Thư viện lưu trữ: Trung tâm Học liệu Trường Đại học Cần Thơ
LEADER 00586nam a2200193Ia 4500
001 CTU_97288
008 210402s9999 xx 000 0 und d
020 |c 37000 
082 |a 895.922109 
082 |b Th460 
245 0 |a Thơ Xuân Diệu và những lời bình 
245 0 |c Mã Giang Lân tuyển chọn và biên soạn 
260 |a Hà Nội 
260 |b Văn hóa Thông tin 
260 |c 2003 
650 |a Vietnamese poetry 
650 |x History and criticism 
904 |i Minh(Tuyến) 
980 |a Trung tâm Học liệu Trường Đại học Cần Thơ